[Event "EYCC 2024 - O16"]
[Site "?"]
[Date "2024.08.25"]
[Round "4.9"]
[White "Navoyan, Gagik"]
[Black "Elias, David"]
[Result "1/2-1/2"]
[BlackElo "2246"]
[WhiteElo "2125"]
[LiveChessVersion "1.4.8"]

1. e4 {[%clk 1:23:58]} c5 {[%clk 1:30:55]} 2. g3 {[%clk 1:23:35]} d5
{[%clk 1:31:19]} 3. exd5 {[%clk 1:24:01]} Qxd5 {[%clk 1:31:47]} 4. Nf3
{[%clk 1:24:27]} Bg4 {[%clk 1:32:06]} 5. Bg2 {[%clk 1:24:53]} Nc6
{[%clk 1:31:28]} 6. h3 {[%clk 1:25:12]} Bxf3 {[%clk 1:26:04]} 7. Bxf3
{[%clk 1:25:25]} Qe6+ {[%clk 1:22:58]} 8. Kf1 {[%clk 1:24:22]} Nd4
{[%clk 1:21:14]} 9. d3 {[%clk 1:15:39]} Nxf3 {[%clk 1:21:29]} 10. Qxf3
{[%clk 1:16:06]} Qd7 {[%clk 1:21:25]} 11. Nc3 {[%clk 1:16:27]} e6
{[%clk 1:20:05]} 12. Kg2 {[%clk 1:16:08]} Ne7 {[%clk 1:18:06]} 13. Ne4
{[%clk 1:04:54]} Nc6 {[%clk 1:15:04]} 14. Be3 {[%clk 1:01:17]} Rc8
{[%clk 1:14:52]} 15. Rhd1 {[%clk 0:44:02]} Nd4 {[%clk 1:10:42]} 16. Bxd4
{[%clk 0:43:27]} cxd4 {[%clk 1:11:09]} 17. c4 {[%clk 0:43:13]} dxc3
{[%clk 1:04:49]} 18. Nxc3 {[%clk 0:39:20]} Bb4 {[%clk 0:50:43]} 19. d4
{[%clk 0:39:44]} O-O {[%clk 0:49:43]} 20. d5 {[%clk 0:39:18]} Bxc3
{[%clk 0:50:07]} 21. bxc3 {[%clk 0:37:09]} exd5 {[%clk 0:47:58]} 22. Rxd5
{[%clk 0:37:15]} Qe6 {[%clk 0:48:22]} 23. Rad1 {[%clk 0:31:01]} b6
{[%clk 0:46:12]} 24. R1d3 {[%clk 0:29:55]} h6 25. a4 Qc6 {[%clk 0:43:09]} 1/2-1/2

[Event "EYCC 2024 - O16"]
[Site "?"]
[Date "2024.08.25"]
[Round "4.10"]
[White "Berin, Artem"]
[Black "Craciun, Sasha-Matei"]
[Result "1/2-1/2"]
[BlackElo "2135"]
[WhiteElo "2237"]
[LiveChessVersion "1.4.8"]

1. Nf3 {[%clk 1:30:40]} d5 {[%clk 1:30:48]} 2. c4 {[%clk 1:30:58]} e6
{[%clk 1:31:13]} 3. g3 {[%clk 1:31:23]} Nf6 {[%clk 1:31:29]} 4. Bg2
{[%clk 1:31:44]} Be7 {[%clk 1:31:53]} 5. O-O {[%clk 1:32:05]} O-O
{[%clk 1:32:19]} 6. d4 {[%clk 1:32:30]} c6 {[%clk 1:32:43]} 7. Nc3
{[%clk 1:32:39]} a5 {[%clk 1:32:56]} 8. b3 {[%clk 1:32:45]} b6 {[%clk 1:33:18]}
9. Bb2 {[%clk 1:32:52]} Ba6 {[%clk 1:32:47]} 10. Nd2 {[%clk 1:33:05]} b5
{[%clk 1:30:36]} 11. c5 {[%clk 1:32:45]} b4 {[%clk 1:30:25]} 12. Na4
{[%clk 1:33:09]} Nbd7 {[%clk 1:30:33]} 13. Re1 {[%clk 1:33:25]} Bb5
{[%clk 1:29:45]} 14. e4 {[%clk 1:33:46]} Nxe4 {[%clk 1:29:22]} 15. Nxe4
{[%clk 1:34:05]} dxe4 {[%clk 1:29:46]} 16. Bxe4 {[%clk 1:34:29]} Qc7
{[%clk 1:28:25]} 17. Qf3 {[%clk 1:33:45]} Rac8 {[%clk 1:26:09]} 18. h4
{[%clk 1:33:40]} Bxa4 {[%clk 1:25:59]} 19. bxa4 {[%clk 1:34:03]} Nf6
{[%clk 1:26:12]} 20. Bc2 {[%clk 1:34:20]} Nd5 {[%clk 1:22:47]} 21. Rad1
{[%clk 1:31:32]} Rcd8 {[%clk 1:18:47]} 22. h5 {[%clk 1:31:32]} Bf6
{[%clk 1:16:00]} 23. Bb3 {[%clk 1:21:32]} Bg5 {[%clk 1:09:00]} 24. Kg2
{[%clk 1:19:52]} Rd7 {[%clk 1:07:42]} 25. Re5 {[%clk 1:12:44]} Bh6
{[%clk 1:01:28]} 26. Bc2 {[%clk 1:07:53]} Rfd8 {[%clk 1:00:01]} 27. Re4
{[%clk 1:01:10]} Bg5 {[%clk 0:54:28]} 28. Qd3 {[%clk 0:57:37]} h6
{[%clk 0:44:06]} 29. Ree1 {[%clk 0:53:45]} Bf6 {[%clk 0:44:16]} 30. f4
{[%clk 0:52:05]} Nc3 {[%clk 0:41:16]} 31. Bxc3 {[%clk 0:45:17]} bxc3
{[%clk 0:41:44]} 32. Qh7+ {[%clk 0:45:02]} Kf8 {[%clk 0:42:13]} 33. f5
{[%clk 0:40:55]} Rxd4 {[%clk 0:30:31]} 34. Rxd4 {[%clk 0:40:43]} Rxd4
{[%clk 0:30:52]} 35. fxe6 {[%clk 0:40:00]} fxe6 {[%clk 0:30:45]} 36. Rxe6
{[%clk 0:34:14]} Qd7 {[%clk 0:27:37]} 37. Re2 {[%clk 0:22:29]} Qd5+
{[%clk 0:27:37]} 38. Be4 {[%clk 0:21:25]} Qe5 {[%clk 0:22:06]} 39. Bf3
{[%clk 0:10:26]} Rd2 {[%clk 0:22:02]} 40. Rxd2 {[%clk 0:10:36]} cxd2
{[%clk 0:22:31]} 41. Qd3 {[%clk 0:10:52]} Qd4 {[%clk 0:22:06]} 42. Qxd4
{[%clk 0:11:12]} 1/2-1/2

[Event "EYCC 2024 - O16"]
[Site "?"]
[Date "2024.08.25"]
[Round "4.11"]
[White "Fiskaaen, Martin Holten"]
[Black "Ostrovsky Berman, Noam"]
[Result "1-0"]
[BlackElo "2098"]
[WhiteElo "2225"]
[LiveChessVersion "1.4.8"]

1. d4 {[%clk 1:30:55]} Nf6 {[%clk 1:30:54]} 2. c4 {[%clk 1:31:20]} g6
{[%clk 1:31:20]} 3. Nc3 {[%clk 1:31:46]} d5 {[%clk 1:31:43]} 4. cxd5
{[%clk 1:31:50]} Nxd5 {[%clk 1:32:08]} 5. Bd2 {[%clk 1:32:14]} Bg7
{[%clk 1:32:24]} 6. e4 {[%clk 1:32:11]} Nxc3 {[%clk 1:32:47]} 7. Bxc3
{[%clk 1:32:36]} O-O {[%clk 1:33:11]} 8. Qd2 {[%clk 1:32:15]} Nc6
{[%clk 1:32:56]} 9. Nf3 {[%clk 1:30:15]} Bg4 {[%clk 1:32:43]} 10. d5
{[%clk 1:28:58]} Bxf3 {[%clk 1:33:06]} 11. Bxg7 {[%clk 1:29:18]} Kxg7
{[%clk 1:33:17]} 12. gxf3 {[%clk 1:29:43]} Ne5 {[%clk 1:33:42]} 13. O-O-O
{[%clk 1:28:49]} c6 {[%clk 1:32:05]} 14. Bh3 {[%clk 1:12:26]} f6 {[%clk 1:26:57]}
15. f4 {[%clk 1:04:41]} Nf7 {[%clk 1:25:03]} 16. Be6 {[%clk 0:59:22]} cxd5
{[%clk 1:06:10]} 17. exd5 {[%clk 0:59:13]} b5 {[%clk 0:59:20]} 18. h4
{[%clk 0:58:07]} Nd6 {[%clk 0:53:13]} 19. h5 {[%clk 0:51:10]} Rh8
{[%clk 0:35:18]} 20. Rdg1 {[%clk 0:46:53]} Qb6 {[%clk 0:33:26]} 21. Kb1
{[%clk 0:41:32]} b4 {[%clk 0:25:47]} 22. Qd3 {[%clk 0:38:01]} f5 {[%clk 0:23:00]}
23. hxg6 {[%clk 0:33:00]} h6 {[%clk 0:22:23]} 24. Qe2 {[%clk 0:31:22]} Qd4
{[%clk 0:21:17]} 25. Qe5+ {[%clk 0:29:42]} Qxe5 {[%clk 0:21:41]} 26. fxe5
{[%clk 0:30:06]} Nc4 {[%clk 0:19:21]} 27. f4 {[%clk 0:29:06]} Nb6
{[%clk 0:17:26]} 28. Rc1 {[%clk 0:27:46]} Rhd8 {[%clk 0:14:45]} 29. Rhd1
{[%clk 0:25:57]} 1-0

[Event "EYCC 2024 - O16"]
[Site "?"]
[Date "2024.08.25"]
[Round "4.12"]
[White "Sapocinic, Semion"]
[Black "Siles, Jan"]
[Result "1-0"]
[BlackElo "2005"]
[WhiteElo "2213"]
[LiveChessVersion "1.4.8"]

1. c4 {[%clk 1:30:57]} e6 {[%clk 1:30:51]} 2. Nf3 {[%clk 1:31:19]} d5
{[%clk 1:31:14]} 3. g3 {[%clk 1:31:44]} Nf6 {[%clk 1:31:09]} 4. Bg2
{[%clk 1:32:00]} Be7 {[%clk 1:29:56]} 5. O-O {[%clk 1:32:10]} O-O
{[%clk 1:29:20]} 6. b3 {[%clk 1:32:35]} c5 {[%clk 1:27:48]} 7. Bb2
{[%clk 1:30:13]} Nc6 {[%clk 1:26:20]} 8. e3 {[%clk 1:29:20]} d4 {[%clk 1:26:04]}
9. exd4 {[%clk 1:28:16]} cxd4 {[%clk 1:24:54]} 10. Re1 {[%clk 1:23:32]} Ne8
{[%clk 1:23:03]} 11. Ne5 {[%clk 1:19:25]} Nxe5 {[%clk 1:14:14]} 12. Rxe5
{[%clk 1:19:47]} f6 {[%clk 1:12:54]} 13. Re1 {[%clk 1:16:36]} e5 {[%clk 1:10:39]}
14. d3 {[%clk 1:15:23]} Nc7 {[%clk 1:01:25]} 15. Ba3 {[%clk 1:13:44]} a5
{[%clk 0:57:59]} 16. Bxe7 {[%clk 1:10:12]} Qxe7 {[%clk 0:58:18]} 17. Nd2
{[%clk 1:08:59]} Na6 {[%clk 0:53:32]} 18. a3 {[%clk 1:08:06]} Ra7
{[%clk 0:44:32]} 19. Ne4 {[%clk 0:57:26]} b6 {[%clk 0:43:22]} 20. f4
{[%clk 0:51:13]} Nc5 {[%clk 0:39:46]} 21. Nxc5 {[%clk 0:46:45]} bxc5
{[%clk 0:37:16]} 22. Qe2 {[%clk 0:45:52]} Re8 {[%clk 0:28:43]} 23. fxe5
{[%clk 0:43:53]} fxe5 {[%clk 0:28:07]} 24. Bc6 {[%clk 0:42:48]} Bd7
{[%clk 0:28:02]} 25. Bd5+ {[%clk 0:43:12]} Kh8 {[%clk 0:26:39]} 26. Rf1
{[%clk 0:41:37]} a4 {[%clk 0:08:15]} 27. Rf7 {[%clk 0:39:52]} Qd6
{[%clk 0:08:36]} 28. Raf1 {[%clk 0:37:53]} h6 {[%clk 0:08:35]} 29. bxa4
{[%clk 0:33:09]} Rxa4 {[%clk 0:05:49]} 30. Rxg7 {[%clk 0:31:55]} Kxg7
{[%clk 0:03:04]} 31. Rf7+ {[%clk 0:32:19]} Kg6 {[%clk 0:02:55]} 32. Qe4+
{[%clk 0:32:30]} Kh5 {[%clk 0:01:32]} 33. Rf5+ {[%clk 0:32:37]} Kg6
{[%clk 0:01:41]} 34. Qg4+ {[%clk 0:33:02]} 1-0

[Event "EYCC 2024 - O16"]
[Site "?"]
[Date "2024.08.25"]
[Round "4.13"]
[White "Hartofylakas, Spyros"]
[Black "Tsarsitalidis, Christos"]
[Result "1/2-1/2"]
[BlackElo "2210"]
[WhiteElo "2117"]
[LiveChessVersion "1.4.8"]

1. e4 {[%clk 1:30:55]} c5 {[%clk 1:30:49]} 2. Nf3 {[%clk 1:31:18]} d6
{[%clk 1:31:16]} 3. Bb5+ {[%clk 1:31:44]} Nd7 {[%clk 1:31:37]} 4. O-O
{[%clk 1:31:47]} a6 {[%clk 1:31:47]} 5. Be2 {[%clk 1:32:10]} Ngf6
{[%clk 1:31:55]} 6. d3 e6 7. a4 {[%clk 1:32:36]} b6 {[%clk 1:31:04]} 8. Nfd2
{[%clk 1:32:40]} Bb7 {[%clk 1:30:24]} 9. f4 Qc7 {[%clk 1:25:35]} 10. Bf3
{[%clk 1:32:34]} Be7 {[%clk 1:25:16]} 11. Nc3 {[%clk 1:31:20]} O-O
{[%clk 1:20:18]} 12. g4 {[%clk 1:24:48]} Bc6 13. g5 Ne8 {[%clk 1:19:45]} 14. Qe2
{[%clk 1:23:51]} Qb7 {[%clk 1:17:20]} 15. Nc4 {[%clk 1:19:29]} Nc7
{[%clk 1:16:10]} 16. Qg2 Rfd8 17. f5 {[%clk 0:58:46]} exf5 {[%clk 0:52:03]} 18.
Nd5 {[%clk 0:56:12]} Bf8 {[%clk 0:40:57]} 19. Bf4 {[%clk 0:52:30]} Ne6
{[%clk 0:31:10]} 20. exf5 {[%clk 0:36:29]} Nxf4 {[%clk 0:31:15]} 21. Nxf4
{[%clk 0:34:03]} Bxf3 {[%clk 0:31:33]} 22. Qxf3 {[%clk 0:34:13]} Qxf3
{[%clk 0:31:48]} 23. Rxf3 {[%clk 0:34:40]} b5 {[%clk 0:28:44]} 24. axb5
{[%clk 0:33:49]} axb5 {[%clk 0:29:09]} 25. Rxa8 {[%clk 0:34:15]} Rxa8
{[%clk 0:29:33]} 26. Na3 {[%clk 0:34:38]} Ne5 {[%clk 0:28:36]} 27. Rf2
{[%clk 0:33:34]} Rb8 {[%clk 0:25:12]} 28. Nd5 {[%clk 0:32:27]} c4
{[%clk 0:22:46]} 29. d4 {[%clk 0:24:57]} b4 {[%clk 0:21:27]} 30. Nxb4
{[%clk 0:22:22]} Rxb4 {[%clk 0:20:10]} 31. dxe5 {[%clk 0:22:49]} dxe5
{[%clk 0:20:21]} 32. c3 {[%clk 0:18:35]} Ra4 {[%clk 0:19:25]} 33. Re2
{[%clk 0:18:09]} Bxa3 {[%clk 0:15:44]} 34. bxa3 {[%clk 0:18:36]} f6
{[%clk 0:16:07]} 35. Rb2 {[%clk 0:15:38]} fxg5 {[%clk 0:15:43]} 36. Rb4
{[%clk 0:16:04]} Rxb4 {[%clk 0:02:05]} 37. axb4 {[%clk 0:16:32]} Kf7
{[%clk 0:02:30]} 38. Kf2 {[%clk 0:16:25]} Kf6 {[%clk 0:02:17]} 39. b5
{[%clk 0:10:08]} Ke7 {[%clk 0:02:44]} 40. Ke3 {[%clk 0:10:13]} Kd6
{[%clk 0:02:38]} 41. Ke4 {[%clk 0:10:19]} h5 {[%clk 0:02:54]} 42. b6
{[%clk 0:10:14]} Kc6 {[%clk 0:02:40]} 43. Kxe5 {[%clk 0:10:23]} Kxb6
{[%clk 0:03:08]} 44. f6 {[%clk 0:09:59]} gxf6+ {[%clk 0:02:54]} 45. Kxf6
{[%clk 0:10:26]} Kb5 {[%clk 0:02:08]} 46. Kxg5 {[%clk 0:10:39]} Ka4
{[%clk 0:02:35]} 47. Kxh5 {[%clk 0:11:04]} Kb3 48. Kg6 {[%clk 0:11:10]} 1/2-1/2

[Event "EYCC 2024 - O16"]
[Site "?"]
[Date "2024.08.25"]
[Round "4.14"]
[White "Raptis, Filippos"]
[Black "Kiladze, Luka"]
[Result "1/2-1/2"]
[BlackElo "2193"]
[WhiteElo "2098"]
[LiveChessVersion "1.4.8"]

1. e4 {[%clk 1:30:54]} c5 {[%clk 1:30:53]} 2. Nf3 {[%clk 1:31:16]} Nc6
{[%clk 1:31:19]} 3. d4 {[%clk 1:31:38]} cxd4 {[%clk 1:31:45]} 4. Nxd4
{[%clk 1:32:02]} Nf6 {[%clk 1:32:10]} 5. Nc3 {[%clk 1:32:20]} e5 {[%clk 1:32:36]}
6. Ndb5 {[%clk 1:32:42]} d6 {[%clk 1:33:01]} 7. Bg5 {[%clk 1:33:04]} a6
{[%clk 1:33:25]} 8. Na3 {[%clk 1:33:29]} b5 {[%clk 1:33:51]} 9. Nd5
{[%clk 1:33:49]} Be7 {[%clk 1:34:17]} 10. Bxf6 {[%clk 1:34:11]} Bxf6
{[%clk 1:34:44]} 11. c4 {[%clk 1:34:29]} b4 {[%clk 1:34:53]} 12. Nc2
{[%clk 1:34:53]} a5 {[%clk 1:33:51]} 13. g3 {[%clk 1:35:09]} O-O {[%clk 1:31:33]}
14. h4 {[%clk 1:35:31]} Be6 {[%clk 1:29:53]} 15. Bh3 {[%clk 1:35:46]} Nd4
{[%clk 1:15:33]} 16. Nxd4 {[%clk 1:36:01]} exd4 {[%clk 1:14:11]} 17. Qd3
{[%clk 1:36:14]} a4 {[%clk 1:10:44]} 18. Kf1 {[%clk 1:34:15]} Bxd5
{[%clk 1:08:08]} 19. cxd5 {[%clk 1:23:35]} a3 {[%clk 1:02:40]} 20. b3
{[%clk 1:23:25]} Qc7 {[%clk 1:03:08]} 21. Ke2 {[%clk 1:21:47]} Ra5
{[%clk 1:02:48]} 22. Rac1 {[%clk 1:18:46]} Rc5 {[%clk 1:03:17]} 23. Rxc5
{[%clk 1:16:59]} Qxc5 {[%clk 1:03:44]} 24. Rd1 {[%clk 1:14:45]} Re8
{[%clk 0:56:38]} 25. Kd2 {[%clk 1:04:58]} Qc3+ {[%clk 0:52:02]} 26. Qxc3
{[%clk 1:01:19]} dxc3+ {[%clk 0:52:26]} 27. Kd3 {[%clk 1:01:42]} Re7
{[%clk 0:51:55]} 28. Rc1 {[%clk 0:53:23]} Kf8 {[%clk 0:47:45]} 29. Bc8
{[%clk 0:45:23]} Ra7 {[%clk 0:47:46]} 30. Rc2 {[%clk 0:44:54]} Ke7
{[%clk 0:45:24]} 31. Bg4 {[%clk 0:44:47]} Rc7 {[%clk 0:45:04]} 32. Bd1
{[%clk 0:45:02]} g6 {[%clk 0:44:02]} 33. Re2 {[%clk 0:41:52]} Rc5
{[%clk 0:42:19]} 34. Bc2 {[%clk 0:41:53]} Kd7 {[%clk 0:40:37]} 35. f4
{[%clk 0:41:16]} Bg7 {[%clk 0:36:53]} 36. h5 {[%clk 0:29:37]} Ke7
{[%clk 0:32:01]} 37. hxg6 {[%clk 0:27:04]} hxg6 {[%clk 0:32:28]} 38. Rh2
{[%clk 0:26:03]} Rc8 {[%clk 0:30:11]} 39. Ke3 {[%clk 0:19:54]} Bf6
{[%clk 0:25:44]} 40. Kf3 1/2-1/2